| 000 | 00359nam a22001457a 4500 | ||
|---|---|---|---|
| 020 | _a978-81-312-3699-4 | ||
| 082 | _a617.672,P15A | ||
| 100 | _aANUSAVICE,KENNETH.J. | ||
| 245 | _aPHILLIPS SCIENCE OF DENTAL MATERIALS | ||
| 250 | _a1ST SOUTH ASIAN | ||
| 260 |
_aNEW DELHI _bELSEVIER _c2015 |
||
| 300 | _a617 | ||
| 650 | _aPROSTHODONTICS | ||
| 942 |
_2ddc _cBK _081 |
||
| 999 |
_c9829 _d9829 |
||